000 00869nam a2200277 a 4500
001 593
003 BR-CuiBMT
005 20231110001904.0
008 231107s2021 mgba 000 0 por d
020 _a9786555181630
040 _aBR-CuiBMT
_cBR-CuiBMT
080 _a336.2:343
_22007
090 _a336.2:343
_bD439d
_c4. ed.
100 1 _aDerzi, Misabel de Abreu Machado
245 1 0 _aDireito tributário, direito penal e tipo /
_cMisabel de Abreu Machado Derzi ; Prefácio, Geraldo Ataliba.
250 _a4. ed., rev., ampl. e atual.
260 _aBelo Horizonte :
_bFórum,
_c2021.
300 _a381 p. ;
_bil. :
_c22 cm
504 _aInclui bibliografia.
650 _aTeoria geral do direito
_xMetodologia
650 _aTipicidade
_zBrasil
650 _aDireito penal
650 _aDireito tributário
650 _aDireito administrativo
942 _2udc
_cLV
999 _c593
_d593